000 00275nam a2200121 a 4500
008 101213s1958|||| d
245 1 0 _aFrantišek Xaver Dušek
100 1 _aSýkora, V. J.
260 _bSNKHU
_aPraha
_c1958
020 _c26,70
044 _aCZ
041 _acze
999 _c14203
_d14203